Business costs and business policy for export controls
Đã lưu trong:
| Hovedforfatter: | |
|---|---|
| Format: | Bog |
| Sprog: | Undetermined |
| Udgivet: |
Tokyo
1986
|
| Fag: | |
| Tags: |
Tilføj Tag
Ingen Tags, Vær først til at tagge denne postø!
|
| Thư viện lưu trữ: | Trung tâm Học liệu Trường Đại học Cần Thơ |
|---|
| LEADER | 00466nam a2200169Ia 4500 | ||
|---|---|---|---|
| 001 | CTU_97340 | ||
| 008 | 210402s9999 xx 000 0 und d | ||
| 082 | |a 382 | ||
| 082 | |b N793 | ||
| 100 | |a Nollen, Stanley D. | ||
| 245 | 0 | |a Business costs and business policy for export controls | |
| 245 | 0 | |c Stanley D. Nollen | |
| 260 | |a Tokyo | ||
| 260 | |c 1986 | ||
| 650 | |a Business policy | ||
| 904 | |i Tuyến | ||
| 980 | |a Trung tâm Học liệu Trường Đại học Cần Thơ | ||